AVEC MOI - Rnboi/Nono La Grinta - Statistiques

Statistiques générales
  • Ce quiz a été pris 66 fois
  • Le résultat moyen est 199 sur 442
Statistiques - réponses
Réponse % Correct
à
91%
a
91%
À
91%
Elle
85%
elle
85%
La
85%
85%
la
85%
moi
85%
que
85%
dit
82%
so
82%
me
79%
avec
76%
Avec
76%
du
76%
love
76%
m'a
76%
ma
76%
Ma
76%
veut
76%
de
73%
Pas
67%
pas
67%
pour
67%
qui
67%
sac
67%
se
67%
J'suis
64%
j'suis
64%
le
64%
sait
64%
tout
64%
J'ai
61%
qu'elle
61%
ta
58%
bébé
55%
faut
55%
soir
55%
son
55%
ce
52%
Il
52%
il
52%
Je
52%
je
52%
virement
52%
C'est
48%
c'est
48%
finir
48%
les
48%
pattes
48%
peur
48%
pourquoi
48%
Rn
48%
s'achète
48%
trop
48%
Trop
48%
45%
quatre
45%
qu'ici
45%
rosé
45%
t'as
45%
te
45%
Tu
45%
tu
45%
va
45%
cœur
42%
dans
42%
Dans
42%
et
42%
menotté
42%
on
42%
On
42%
veste
42%
comme
39%
est
39%
ne
39%
peux
39%
preuves
39%
série
39%
soirée
39%
Dis-moi
36%
mentir
36%
paye
36%
Verre
36%
verre
36%
baby
33%
busy
33%
dire
33%
fierté
33%
l'heure
33%
mon
33%
Mon
33%
CB
30%
champ
30%
qu't'enlèves
30%
séquencée
30%
ses
30%
un
30%
vérité
30%
vie
30%
ah
27%
copines
27%
donne-moi
27%
Mes
27%
mort
27%
nage
27%
peut
27%
pieds
27%
qu'on
27%
qu'tu
27%
relation
27%
restes
27%
sur
27%
aime
24%
charisme
24%
eh
24%
Eh
24%
RDV
24%
sais
24%
s'appelle
24%
Scofield
24%
Yeah
24%
yeah
24%
bouclier
21%
en
21%
m'oublier
21%
rappelle-toi
21%
collier
18%
cran
18%
dérégleur
18%
devenu
18%
faire
18%
initiale
18%
j'préfère
18%
l'infini
18%
photos
18%
souliers
18%
Christian
15%
Dior
15%
Nos
15%
pris
15%
publier
15%
cash
12%
cinéma
12%
effrayés
12%
Grint
12%
l'sais
12%
serré
12%
s'finir
12%
s'unir
12%
T'es
12%
venir
12%
après
9%
boo
9%
chérie
9%
Hey
9%
hey
9%
J'crois
9%
j'peux
9%
j'te
9%
J'te
9%
l'billet
9%
m'appelle
9%
n'peux
9%
quand
9%
RnBoi
9%
suis
9%
babe
6%
déshabille
6%
m'aime
6%
nia
6%
Non-non
6%
n'peut
6%
Ouais
6%
ouais
6%
sale
6%
s'ennuyer
6%
seul
6%
ah-ah
3%
d'artiste
3%
d'embrouilles
3%
m'affilier
3%
Merci
3%
sexy
3%
t'aime
3%
t'y
3%
vois
3%
brille
0%
dead
0%
devoir
0%
diamonds
0%
gauche
0%
hiver
0%
l'noir
0%
poignet
0%
réchaufferai
0%
Ro-Rolex
0%
Skyjee
0%
taille
0%
vas
0%
week-end
0%
Aucun quiz correspondant
Distribution des résultats
% des personnes avec chaque résultat
Percentile par nombre de réponses
Votre historique - résultats
Vous n’avez pas pris ce quiz